000 00450 a2200169 4500
001 62856
020 _a9788506058589
040 _cAnchieta - Pituba
100 _aPolito, André Guilherme
240 1 0 _aMichaellis
_lita
245 1 0 _aMichaellis
300 _a766
362 0 _a2009
440 1 _aMelhoramentos
650 4 _aEnciclopédias gerais (almanaques, anuários enciclopédicos e obras de carácter geral sobre curiosidades
942 _cBK
999 _c62856
_d62856